On anthropological knowledge : (Record no. 7173)

MARC details
000 -LEADER
fixed length control field 00557cam a2200193 a 4500
001 - CONTROL NUMBER
control field 2369314
003 - CONTROL NUMBER IDENTIFIER
control field NG-AbAUS
005 - DATE AND TIME OF LATEST TRANSACTION
control field 20230319005553.0
008 - FIXED-LENGTH DATA ELEMENTS--GENERAL INFORMATION
fixed length control field 840926s1985 enk b 001 0 eng
020 ## - INTERNATIONAL STANDARD BOOK NUMBER
International Standard Book Number 052126748X
020 ## - INTERNATIONAL STANDARD BOOK NUMBER
International Standard Book Number 0521318513 (pbk.)
040 ## - CATALOGING SOURCE
Original cataloging agency DLC
Transcribing agency DLC
Modifying agency DLC
082 00 - DEWEY DECIMAL CLASSIFICATION NUMBER
Classification number 306
Edition number 19
100 1# - MAIN ENTRY--PERSONAL NAME
Personal name Sperber, Dan.
9 (RLIN) 280
245 10 - TITLE STATEMENT
Title On anthropological knowledge :
Remainder of title three essays /
Statement of responsibility, etc Dan Sperber.
260 ## - PUBLICATION, DISTRIBUTION, ETC. (IMPRINT)
Place of publication, distribution, etc Cambridge [Cambridgeshire] ;
-- New York :
Name of publisher, distributor, etc Cambridge University Press,
Date of publication, distribution, etc c1985.
300 ## - PHYSICAL DESCRIPTION
Extent 110 p. ;
Dimensions 24 cm.
942 ## - ADDED ENTRY ELEMENTS (KOHA)
Source of classification or shelving scheme Dewey Decimal Classification
Item type Book

No items available.